000
00287nam a2200121Ia 4500
100
_a
Graham Kennard C.
650
_a
Electrical Engineering
942
_c
BK
245
_a
Fundamentals of Elecricity.
260
_b
D.B.Taraporevala sons &co.
_c
2001
082
_a
621.3
546
_a
ENGLISH
999
_c
21764
_d
21764